<?xml version="1.0" encoding="UTF-8"?>
<record
    xmlns:xsi="http://www.w3.org/2001/XMLSchema-instance"
    xsi:schemaLocation="http://www.loc.gov/MARC21/slim http://www.loc.gov/standards/marcxml/schema/MARC21slim.xsd"
    xmlns="http://www.loc.gov/MARC21/slim">

  <leader>01141nam0a22002771  4500</leader>
  <controlfield tag="001">rc\3275535</controlfield>
  <controlfield tag="005">20250609172859.0</controlfield>
  <datafield tag="035" ind1=" " ind2=" ">
    <subfield code="a">(NLR Aleph) 007395014</subfield>
  </datafield>
  <datafield tag="090" ind1=" " ind2=" ">
    <subfield code="a">6651498</subfield>
    <subfield code="c">6651498</subfield>
  </datafield>
  <datafield tag="100" ind1=" " ind2=" ">
    <subfield code="a">20130115d1970    |||y0rusy50      ca</subfield>
  </datafield>
  <datafield tag="101" ind1="0" ind2=" ">
    <subfield code="a">rus</subfield>
  </datafield>
  <datafield tag="102" ind1=" " ind2=" ">
    <subfield code="a">RU</subfield>
  </datafield>
  <datafield tag="105" ind1=" " ind2=" ">
    <subfield code="a">aeh z   |||||</subfield>
  </datafield>
  <datafield tag="200" ind1="1" ind2=" ">
    <subfield code="a">&#x417;&#x432;&#x443;&#x43A;&#x43E;&#x432;&#x430;&#x44F; &#x43A;&#x43D;&#x438;&#x433;&#x430; &#x43E; &#x41B;&#x435;&#x43D;&#x438;&#x43D;&#x435;</subfield>
    <subfield code="e">&#x422;&#x440;&#x438;&#x431;&#x443;&#x43D;. &#x427;&#x435;&#x43B;&#x43E;&#x432;&#x435;&#x43A;. &#x41C;&#x44B;&#x441;&#x43B;&#x438;&#x442;&#x435;&#x43B;&#x44C;. &#x420;&#x435;&#x432;&#x43E;&#x43B;&#x44E;&#x446;&#x438;&#x43E;&#x43D;&#x435;&#x440;. &#x417;&#x43E;&#x434;&#x447;&#x438;&#x439;</subfield>
    <subfield code="f">&#x41A;&#x43E;&#x43C;. &#x43F;&#x43E; &#x440;&#x430;&#x434;&#x438;&#x43E;&#x432;&#x435;&#x449;&#x430;&#x43D;&#x438;&#x44E; &#x438; &#x442;&#x435;&#x43B;&#x435;&#x432;&#x438;&#x434;&#x435;&#x43D;&#x438;&#x44E; &#x43F;&#x440;&#x438; &#x421;&#x43E;&#x432;&#x435;&#x442;&#x435; &#x41C;&#x438;&#x43D;&#x438;&#x441;&#x442;&#x440;&#x43E;&#x432; &#x421;&#x421;&#x421;&#x420;</subfield>
  </datafield>
  <datafield tag="210" ind1=" " ind2=" ">
    <subfield code="a">&#x41C;&#x43E;&#x441;&#x43A;&#x432;&#x430;</subfield>
    <subfield code="c">&#x41F;&#x440;&#x430;&#x432;&#x434;&#x430;</subfield>
    <subfield code="d">1970</subfield>
  </datafield>
  <datafield tag="215" ind1=" " ind2=" ">
    <subfield code="a">193 &#x441;., 18 &#x433;&#x440;&#x430;&#x43C;&#x43F;&#x43B;&#x430;&#x441;&#x442;&#x438;&#x43D;&#x43E;&#x43A;</subfield>
    <subfield code="c">&#x438;&#x43B;., &#x444;&#x430;&#x43A;&#x441;.</subfield>
    <subfield code="d">25</subfield>
  </datafield>
  <datafield tag="300" ind1=" " ind2=" ">
    <subfield code="a">&#x412; &#x432;&#x44B;&#x43F;. &#x434;&#x430;&#x43D;.: &#x443;&#x447;&#x430;&#x441;&#x442;&#x432;&#x43E;&#x432;&#x430;&#x43B;&#x438; &#x436;&#x443;&#x440;&#x43D;&#x430;&#x43B;&#x438;&#x441;&#x442;&#x44B; &#x414;. &#x411;&#x435;&#x43B;&#x43E;&#x432;, &#x411;. &#x412;&#x430;&#x445;&#x43D;&#x44E;&#x43A;, &#x42E;. &#x412;&#x438;&#x437;&#x431;&#x43E;&#x440; [&#x438; &#x434;&#x440;.]</subfield>
  </datafield>
  <datafield tag="702" ind1=" " ind2="1">
    <subfield code="a">&#x411;&#x435;&#x43B;&#x43E;&#x432;</subfield>
    <subfield code="b">&#x414;.</subfield>
    <subfield code="4">570</subfield>
  </datafield>
  <datafield tag="702" ind1=" " ind2="1">
    <subfield code="a">&#x412;&#x430;&#x445;&#x43D;&#x44E;&#x43A;</subfield>
    <subfield code="b">&#x411;.</subfield>
    <subfield code="4">570</subfield>
  </datafield>
  <datafield tag="702" ind1=" " ind2="1">
    <subfield code="a">&#x41B;&#x435;&#x43D;&#x438;&#x43D;</subfield>
    <subfield code="b">&#x412;.&#x418;.</subfield>
    <subfield code="f">1870-1924</subfield>
    <subfield code="g">&#x412;&#x43B;&#x430;&#x434;&#x438;&#x43C;&#x438;&#x440; &#x418;&#x43B;&#x44C;&#x438;&#x447;</subfield>
    <subfield code="4">570</subfield>
  </datafield>
  <datafield tag="702" ind1=" " ind2="1">
    <subfield code="a">&#x412;&#x438;&#x437;&#x431;&#x43E;&#x440;</subfield>
    <subfield code="b">&#x42E;.</subfield>
    <subfield code="4">570</subfield>
  </datafield>
  <datafield tag="801" ind1=" " ind2="0">
    <subfield code="a">RU</subfield>
    <subfield code="b">NLR</subfield>
    <subfield code="g">psbo</subfield>
  </datafield>
  <datafield tag="801" ind1=" " ind2="1">
    <subfield code="a">RU</subfield>
    <subfield code="b">ELAR</subfield>
    <subfield code="2">rusmarc</subfield>
  </datafield>
  <datafield tag="852" ind1=" " ind2=" ">
    <subfield code="a">NLR</subfield>
    <subfield code="j">&#x41E;&#x442;&#x434;. &#x43D;&#x43E;&#x442;.</subfield>
  </datafield>
  <datafield tag="942" ind1=" " ind2=" ">
    <subfield code="c">BOOK</subfield>
  </datafield>
  <datafield tag="980" ind1=" " ind2=" ">
    <subfield code="a">NB</subfield>
  </datafield>
  <datafield tag="995" ind1=" " ind2=" ">
    <subfield code="5">2013-10-26</subfield>
    <subfield code="b">NLR03</subfield>
    <subfield code="c">NLR03</subfield>
    <subfield code="e">ONIZ</subfield>
    <subfield code="f">7395014-10</subfield>
    <subfield code="k">&#x41E;&#x442;&#x434;. &#x43D;&#x43E;&#x442;.</subfield>
    <subfield code="o">0</subfield>
    <subfield code="r">BOOK</subfield>
    <subfield code="s">_</subfield>
  </datafield>
</record>
